| 000 | 00458nam a22001817a 4500 | ||
|---|---|---|---|
| 003 | CEME | ||
| 005 | 20210628210246.0 | ||
| 008 | 210216b xxu||||| |||| 00| 0 eng d | ||
| 020 | _a969-0-01535-4 | ||
| 040 | _c. | ||
| 082 | _a891.49142 AKH | ||
| 100 |
_aAkhtar Lahori, Sain Sain Akhtar Lahori _978762 |
||
| 245 | _aAllah mian thalay aaa | ||
| 260 |
_aLAHORE _bFEROZE SONS _c1999 |
||
| 300 | _a168P | ||
| 650 |
_aPUNJABI POETRY _93864 |
||
| 942 |
_cBK _2ddc |
||
| 999 |
_c583847 _d583847 |
||